EL CONOCIMIENTO DEL INDIVIDUO POR LOS TESTS /

TRADUCCION DE: CONNAISSANCE DE L'INDIVIDU PAR LES TESTS

Na minha lista:
Detalhes bibliográficos
Autor principal: Rey, André (autor)
Formato: Livro
Colecção:PSICOLOGIA Y CIENCIAS HUMANAS ; 3
Assuntos:
Tags: Adicionar Tag
Sem tags, seja o primeiro a adicionar uma tag!

MARC

LEADER 00000nam^a2200000^a^4500
001 000233223
005 20250521000000.0
009 20260310104633.912
035 |a 055895 
037 |a Acervo Xavier Clavigero 
082 |a 155. 28  |b REY 
100 |a Rey, André  |e (autor) 
245 1 3 |a EL CONOCIMIENTO DEL INDIVIDUO POR LOS TESTS /  |c ANDRE REY ; TR. JUAN JOSE ECHEVESTRE 
264 |a MADRID :  |b GUADARRAMA,  |c 1966 
300 |a 298 p. 
336 |a texto  |b txt  |2 rdacontenido 
337 |a sin mediación  |b n  |2 rdamedio 
338 |a volumen  |b nc  |2 rdasoporte 
440 |a PSICOLOGIA Y CIENCIAS HUMANAS ;  |v 3 
520 |a TRADUCCION DE: CONNAISSANCE DE L'INDIVIDU PAR LES TESTS 
649 |a XX 
650 |a Pruebas Psicológicas 
650 |a PSICOMETRIA. 
910 |a Fondo General 
920 |a Impresos - Libros 
930 |a Colección General 
905 |a 101 
901 |a 055895  |b IT1  |c ACC  |i 055895  |u 20250521 
902 |a https://opac.biblio.iteso.mx/vufind/Record/000233223